000 01038 a2200229 4500
005 20260409152108.0
008 260108b |||||||| |||| 00| 0 eng d
020 _a9789390872206 (pbk)
037 _cTB
040 _aCRL
_cCRL
041 _2hin
_ahin
084 _aO152,2M89:g(NT) R2
_qCRL
100 _aपालीवाल, रीतारानी
_9862957
245 _aजयशंकर प्रसाद और मोहन राकेश की रंग-दृष्टि का तुलनात्मक अध्ययन
260 _bसस्ता साहित्य प्रकाशन मण्डल
_c2022
300 _a404पृ.
365 _b380.00
_cINR
650 _aहिन्दी नाटक
650 _aहिन्दी साहित्य
942 _cTB
_2CC
_n0
_hO152,2M89:g(NT) R2
999 _c1467277
_d1467277